Statistics for Deaths by Date and Cause Quiz #5

Click here to take the quiz!

General Stats

  • This quiz has been taken 150 times
  • The average score is 4 of 26

Answer Stats

YearWhereHowPerson% Correct
2018CambridgeALSStephen Hawking
68%
1945Bergen-Belsen concentration campTyphusAnne Frank
52%
814AachenPleurisyCharlemagne
28%
2014Paradise CaySuicide by hangingRobin Williams
27%
2008New YorkCombined drug intoxicationHeath Ledger
26%
1581AlexandrovKilled by his fatherIvan Ivanovich
21%
1849BaltimoreLaudanum OverdoseEdgar Allan Poe
19%
1935DorsetMotorcycle AccidentT. E. Lawrence
19%
1954Mexico CitySuicide by overdoseFrida Kahlo
15%
1471Tower of LondonExecutionHenry VI
13%
2016Los AngelesPinned between his car and a brick wallAnton Yelchin
12%
453UnknownNosebleed and choked to DeathAttila
12%
79near PompeiiEruptionPliny the Elder
12%
183/181 BCLibyssaSuicide by Poisoning or Sword AccidentHannibal
11%
1974StockholmAssassinationOlof Palme
11%
1881ElberonAssassinationJames A. Garfield
7%
43 BCRomeDecapitationMarcus Tullius Cicero
7%
1977New YorkHeart attack, perhaps caused by an orgasmNelson Rockefeller
7%
1718Ocracoke IslandBeheadingBlackbeard
5%
1943BuinAttack on his AircraftIsoroku Yamamoto
5%
1822Gulf of La SpeziaDrowningPercy Bysshe Shelley
5%
456 BCSicilyHitten by a falling turtleAeschylus
4%
1956SpringsMotor-vehicle collision while drunkenJackson Pollock
3%
1969LondonOverdoseJudy Garland
3%
1916 BraquisKilled in actionFranz Marc
2%
1896BerlinGlider crashOtto Lilienthal
2%

Score Distribution

Percentile by Number Answered

Percent of People with Each Score

Your Score History

You have not taken this quiz